<?xml version="1.0" encoding="UTF-8"?>
<record
    xmlns:xsi="http://www.w3.org/2001/XMLSchema-instance"
    xsi:schemaLocation="http://www.loc.gov/MARC21/slim http://www.loc.gov/standards/marcxml/schema/MARC21slim.xsd"
    xmlns="http://www.loc.gov/MARC21/slim">

  <leader>01274nam a22003017a 4500</leader>
  <datafield tag="999" ind1=" " ind2=" ">
    <subfield code="c">64236</subfield>
    <subfield code="d">64236</subfield>
  </datafield>
  <controlfield tag="005">20240530110721.0</controlfield>
  <controlfield tag="008">180326s2016    ua bh  g      000 0dara d</controlfield>
  <datafield tag="017" ind1=" " ind2=" ">
    <subfield code="a">2014/26259</subfield>
    <subfield code="b">&#x645;&#x635;&#x631;. &#x62F;&#x627;&#x631; &#x627;&#x644;&#x643;&#x62A;&#x628;</subfield>
  </datafield>
  <datafield tag="020" ind1=" " ind2=" ">
    <subfield code="a">9789779200385</subfield>
  </datafield>
  <datafield tag="040" ind1=" " ind2=" ">
    <subfield code="a">EG-CaGPL</subfield>
    <subfield code="c">EG-CaGPL</subfield>
  </datafield>
  <datafield tag="082" ind1="0" ind2="4">
    <subfield code="2">21</subfield>
    <subfield code="a">341.5 \</subfield>
    <subfield code="b">&#x62A; &#x62D;</subfield>
  </datafield>
  <datafield tag="100" ind1="1" ind2=" ">
    <subfield code="a">&#x62A;&#x64A;&#x644;&#x649;&#x60C; &#x641;&#x631;&#x62C;&#x64A;&#x646;&#x64A;&#x627;</subfield>
  </datafield>
  <datafield tag="245" ind1="1" ind2="0">
    <subfield code="a">&#x62D;&#x644; &#x627;&#x644;&#x62F;&#x648;&#x644;&#x629; &#x627;&#x644;&#x648;&#x627;&#x62D;&#x62F;&#x629; :</subfield>
    <subfield code="b">&#x627;&#x646;&#x641;&#x631;&#x627;&#x62C;&#x629; &#x644;&#x644;&#x633;&#x644;&#x627;&#x645; &#x641;&#x649; &#x627;&#x644;&#x645;&#x633;&#x627;&#x631; &#x627;&#x644;&#x627;&#x633;&#x631;&#x627;&#x626;&#x64A;&#x644;&#x649; &#x627;&#x644;&#x641;&#x644;&#x633;&#x637;&#x64A;&#x646;&#x649; &#x627;&#x644;&#x645;&#x63A;&#x644;&#x642; /</subfield>
    <subfield code="c">&#x62A;&#x627;&#x644;&#x64A;&#x641; &#x641;&#x631;&#x62C;&#x64A;&#x646;&#x64A;&#x627; &#x62A;&#x64A;&#x644;&#x649; &#x61B; &#x62A;&#x631;&#x62C;&#x645;&#x629; &#x62A;&#x642;&#x62F;&#x64A;&#x645; &#x631;&#x628;&#x64A;&#x639; &#x648;&#x647;&#x628;&#x629;</subfield>
  </datafield>
  <datafield tag="250" ind1=" " ind2=" ">
    <subfield code="a">&#x637;.1</subfield>
  </datafield>
  <datafield tag="260" ind1=" " ind2=" ">
    <subfield code="a">&#x627;&#x644;&#x642;&#x627;&#x647;&#x631;&#x629; : </subfield>
    <subfield code="b">&#x627;&#x644;&#x645;&#x631;&#x643;&#x632; &#x627;&#x644;&#x642;&#x648;&#x645;&#x649; &#x644;&#x644;&#x62A;&#x631;&#x62C;&#x645;&#x629; &#x60C;</subfield>
    <subfield code="c">2016.</subfield>
  </datafield>
  <datafield tag="300" ind1=" " ind2=" ">
    <subfield code="a">502 &#x635;. :</subfield>
    <subfield code="b">&#x627;&#x64A;&#x636; &#x61B;</subfield>
    <subfield code="c">24 &#x633;&#x645;.</subfield>
  </datafield>
  <datafield tag="490" ind1=" " ind2=" ">
    <subfield code="a">&#x627;&#x644;&#x645;&#x631;&#x643;&#x632; &#x627;&#x644;&#x642;&#x648;&#x645;&#x649; &#x644;&#x644;&#x62A;&#x631;&#x62C;&#x645;&#x629; &#x61B;</subfield>
    <subfield code="v">2350.</subfield>
  </datafield>
  <datafield tag="650" ind1="0" ind2="7">
    <subfield code="2">qrmak</subfield>
    <subfield code="a">&#x627;&#x644;&#x646;&#x632;&#x627;&#x639; &#x627;&#x644;&#x639;&#x631;&#x628;&#x649; &#x627;&#x644;&#x627;&#x633;&#x631;&#x627;&#x626;&#x64A;&#x644;&#x649;</subfield>
  </datafield>
  <datafield tag="650" ind1="0" ind2="7">
    <subfield code="2">qrmak</subfield>
    <subfield code="a">&#x627;&#x62A;&#x641;&#x627;&#x642;&#x64A;&#x629; &#x637;&#x627;&#x628;&#x627; 2001 </subfield>
  </datafield>
  <datafield tag="650" ind1="0" ind2="7">
    <subfield code="2">qrmak</subfield>
    <subfield code="a">&#x627;&#x644;&#x627;&#x633;&#x62A;&#x64A;&#x637;&#x627;&#x646; </subfield>
  </datafield>
  <datafield tag="650" ind1="0" ind2="7">
    <subfield code="2">qrmak</subfield>
    <subfield code="a">&#x627;&#x644;&#x642;&#x636;&#x64A;&#x629; &#x627;&#x644;&#x641;&#x644;&#x633;&#x637;&#x64A;&#x646;&#x64A;&#x629;</subfield>
  </datafield>
  <datafield tag="650" ind1="0" ind2="7">
    <subfield code="2">qrmak</subfield>
    <subfield code="a">&#x627;&#x644;&#x639;&#x631;&#x628; &#x648;&#x627;&#x644;&#x64A;&#x647;&#x648;&#x62F;</subfield>
  </datafield>
  <datafield tag="650" ind1="0" ind2="7">
    <subfield code="2">qrmak</subfield>
    <subfield code="a">&#x627;&#x644;&#x62A;&#x627;&#x631;&#x64A;&#x62E; &#x627;&#x644;&#x62F;&#x628;&#x644;&#x648;&#x645;&#x627;&#x633;&#x649;</subfield>
  </datafield>
  <datafield tag="651" ind1=" " ind2=" ">
    <subfield code="2">qrmak</subfield>
  </datafield>
  <datafield tag="700" ind1="0" ind2=" ">
    <subfield code="a">&#x631;&#x628;&#x64A;&#x639; &#x648;&#x647;&#x628;&#x629;</subfield>
    <subfield code="e">&#x645;&#x62A;&#x631;&#x62C;&#x645; &#x648;&#x645;&#x642;&#x62F;&#x645;</subfield>
  </datafield>
  <datafield tag="942" ind1=" " ind2=" ">
    <subfield code="2">ddc</subfield>
    <subfield code="c">BK</subfield>
  </datafield>
  <datafield tag="952" ind1=" " ind2=" ">
    <subfield code="0">0</subfield>
    <subfield code="1">0</subfield>
    <subfield code="4">0</subfield>
    <subfield code="7">0</subfield>
    <subfield code="a">CAI</subfield>
    <subfield code="b">CAI</subfield>
    <subfield code="c">MAIN-LIBRARY</subfield>
    <subfield code="d">2018-03-26</subfield>
    <subfield code="l">0</subfield>
    <subfield code="o">341.5 / &#x62A; &#x62D;</subfield>
    <subfield code="p">164391</subfield>
    <subfield code="r">2018-03-26 00:00:00</subfield>
    <subfield code="w">2018-03-26</subfield>
    <subfield code="y">BK</subfield>
  </datafield>
</record>
